000 00862cam4a220024100 4500
001 qce02608361
005 20190826084100.0
008 820128s1955 nyuac 000 0 eng d
035 _a(Sirsi) r59137
035 _a(QCAT)lss04956400
035 _a(UPRA)qce02608361
040 _dUPRA
060 0 _aW1
_bPR584XN 1954
100 1 _aHoch, Paul H., 1902-
_dHoch, Paul H., 1902-
_6A10788.1
245 1 0 _aPsychopathology of childhood /
_ced. by Paul H. Hoch and Joseph Zubin.
260 _aNew York :
_bGrune & Stratton,
_c1955.
440 0 _aProceedings of the annual meeting of the American Psychopathological Association ;
_v44th, 1954
_6S2814.1
500 _aReprint of 1962.
504 _aIncludes bibliographies.
700 1 _aZubin, Joseph, 1900-
_dZubin, Joseph, 1900-
_6A10789.1
949 _aRC326
_wlcc
_i-77557
_mMAIN
_tBOOK
_lON-SHELF
004 59137
999 _c156870
_d156870